AC Milan Squad 2016-2017 - Statistics

General Stats
  • This quiz has been taken 34 times
  • The average score is 19 of 33
Answer Stats
# Position Nation Player % Correct
70 FW Colombia Carlos Bacca
93%
99 GK Italy Gianluigi Donnarumma
93%
10 FW Japan Keisuke Honda
89%
33 MF Slovakia Juraj Kucka
82%
8 FW Spain Suso
79%
9 FW Peru Gianluca Lapadula
75%
13 DF Italy Alessio Romagnoli
71%
17 DF Colombia Cristián Zapata
71%
96 DF Italy Davide Calabria
71%
7 FW Brazil Luiz Adriano
71%
18 MF Italy Riccardo Montolivo
71%
1 GK Brazil Gabriel
68%
20 DF Italy Ignazio Abate
64%
80 MF Croatia Mario Pašalić
64%
73 MF Italy Manuel Locatelli
61%
- Coach Italy Vincenzo Montella
57%
5 MF Italy Giacomo Bonaventura
54%
29 DF Italy Gabriel Paletta
50%
7 FW Spain Gerard Deulofeu
50%
15 DF Paraguay Gustavo Gómez
50%
2 DF Italy Mattia De Sciglio
50%
11 FW Senegal M'Baye Niang
50%
16 MF Italy Andrea Poli
46%
14 MF Chile Matías Fernández
46%
23 MF Argentina José Sosa
43%
31 DF Italy Luca Antonelli
43%
63 FW Italy Patrick Cutrone
43%
91 MF Italy Andrea Bertolacci
39%
11 FW Argentina Lucas Ocampos
39%
21 DF Argentina Leonel Vangioni
36%
30 GK Italy Marco Storari
36%
4 DF Brazil Rodrigo Ely
32%
35 GK Italy Alessandro Plizzari
14%
No matching quizzes found
Score Distribution
Percent of People with Each Score
Percentile by Number Answered
Your Score History
You have not taken this quiz